00520nam a2200181Ia 4500001001000000003000500010008004100015010001100056040000900067082001700076100001800093245006200111260003400173300001000207650003700217650004500254710003900299Para_8866CHAP220125s2003 xx 000 0 und d a207629 cCHAP aPA 633.84 P4 aPernezny, Ken aCompendium of pepper diseases /c by Ken Pernezny et. al. aSt. Paul, Minn. :b APS Press a63 p. aChile pimiento x enfermedades  aChile pimiento x enfermedades por virus aAmerican Phytopathological Society